| 000 | 00670nam a2200217 a 4500 | ||
|---|---|---|---|
| 001 | BRCA_4320 | ||
| 005 | 20190320204627.0 | ||
| 008 | 250610s1958----nyua######---#000-0#eng-# | ||
| 041 | _aeng | ||
| 044 | _anyu | ||
| 050 | 4 |
_aN5210 _b.S23 1958 |
|
| 100 | 1 |
_aSaarinen, Aline Bernstein _911078 |
|
| 245 | 1 | 0 |
_aThe Proud Possessors _bthe Lives, Times and Tastes of some Adventurous American Art Collectors _cAline Bernstein Saarinen. |
| 260 |
_aNueva York _bRandom House _c1958 |
||
| 300 |
_a423 p. _bil. _c23 cm. |
||
| 500 | _aCEF119 | ||
| 650 | 1 | 4 |
_aArte _xColecciones particulares _97906 |
| 650 | 1 | 4 |
_aColeccionistas y colecciones _911079 |
| 902 | _aGFM | ||
| 942 |
_2lcc _cB |
||
| 999 |
_c4031 _d4031 |
||